Second 'U' Countries Quiz Stats

 Plays Quiz Updated Nov 2, 2018

Challenge
Share
Tweet
Embed
Score 0/20 Timer 05:00
0 Plays Today
Country % Correct
Australia
84.3%
Austria
80.7%
Russia
78.3%
Turkey
70.1%
Hungary
66.5%
Sudan
66.2%
Guyana
63.4%
Cuba
63.4%
Burundi
60.8%
Bulgaria
60.2%
Country % Correct
Guinea
60.1%
Tuvalu
57.7%
Turkmenistan
57.5%
Suriname
56.3%
Luxembourg
55.4%
Kuwait
53.8%
Guatemala
52.4%
Tunisia
51.7%
Guinea-Bissau
51.3%
Burkina Faso
41.9%

You're not logged in!

Compare scores with friends on all Sporcle quizzes.
OR
Log In

You Might Also Like...

Show Comments

Extras

Top Quizzes Today


Score Distribution

Your Account Isn't Verified!

In order to create a playlist on Sporcle, you need to verify the email address you used during registration. Go to your Sporcle Settings to finish the process.

Report this User

Report this user for behavior that violates our Community Guidelines.

Details: